"S piesňou som na svet prišiel - s piesňou umieram..."

Bibliographic Details
Main Author: Kochová, Božena (Author)
Format: Article
Language:Slovak
Subjects:

MARC

LEADER 00000nab a2200000 a 4500
001 vtls000430795
003 SK-MaSNL
005 20260303002133.0
008 120925c1991 xo 0 slo
015 |a SNBRB19rr/mm-uuuuu 
035 |a CL0430923 
040 |a SNKBUCL  |b slo  |c SNKBUCL  |e AACR2 
041 0 |a slo 
044 |a xo  |c SK 
080 |a 793.31.091.4+784.4.091.4  |2 1981 
080 |a 784.4.091.4  |2 1981 
100 1 |a Kochová, Božena  |4 aut  |9 978458 
245 1 0 |a "S piesňou som na svet prišiel - s piesňou umieram..."  |c Božena Kochová 
650 0 7 |a Romané gila 1991, Banská Bystrica (festival folklórny)  |2 snkbucl  |9 977950 
651 7 |a 5301  |2 snkbucl  |9 893756 
655 7 |a články z novín a časopisov  |2 snkbucl  |9 267496 
773 0 |t Smer dnes  |g Roč. 1, č. 91 (15. 10. 1991), s. 12 
850 |a Slovenská národná knižnica v Martine  |a MTA001 
852 |a SNK  |b KIS3GCP 
958 |a RK 
992 |a RBX 
999 |c 1566433  |d 1568363